Petites villes suisses que vous connaissez... peut-être - Statistiques

Statistiques générales
  • Ce quiz a été pris 106 fois
  • Le résultat moyen est 9 sur 18
Statistiques - réponses
Indice Ville Population % Correct
Elle donne son nom à un fromage moins troué qu'on ne pourrait le croire Gruyères 2 282
98%
Le forum économique mondial s'y réunit chaque année Davos 10 732
74%
Deux cantons ainsi qu'un fromage au goût corsé portent son nom Appenzell 5 778
67%
Plus haute station de ski d'Europe offrant la vue la plus célèbre du Cervin Zermatt 5 746
66%
Signifiant littéralement "entre les lacs", elle est située entre ceux de Thoune et Brienz Interlaken 5 610
65%
Elle a accueilli la deuxième édition des Jeux Olympiques d'hiver, en 1928 Saint-Moritz 4 924
64%
Station de sports d'hiver huppée dont la jet set et OSS 117 sont des adeptes Gstaad (Saanen) 6 929
55%
Porte le nom du canton romand dans lequel elle se situe sans le lui donner Le Vaud 1 403
52%
Lieu d'origine de la maison qui régna sur l'Empire austro-hongrois notamment Habsburg 427
48%
Au nom de rapace, elle abrite l'Union cycliste internationale Aigle 10 913
46%
Troisième ville du Jura suisse, elle se situe au cœur de l'Ajoie Porrentruy 6 441
46%
Elle abrite le siège de la Maison Cailler, célèbre chocolaterie Broc 2 649
45%
Elle a inspiré le nom du célèbre mage noir se prénommant Gellert dans Harry Potter Grindelwald 3 756
39%
Chef-lieu de l'Uri, Guillaume Tell y aurait tiré un carreau d'arbalète sur une pomme posée sur la tête de son fils Altdorf 9 880
35%
Capitale de l'Helvétie romaine, elle abrite encoreaujourd'hui des vestiges de cette époque Avenches 4 685
35%
Station thermale présentée par les Chevaliers du Fiel comme étant particulièrement calme Loèche-les-Bains 1 295
22%
Des soldats français y massacrèrent femmes et enfants en 1798 dans le cadre de la répression de la résistance nidwaldienne Stans 8 393
21%
Deuxième commune suisse par la superficie, elle est le fruit de la fusion de 13 communes du Sud de son canton Glaris Sud 9 528
18%
Aucun quiz correspondant
Distribution des résultats
% des personnes avec chaque résultat
Percentile par nombre de réponses
Votre historique - résultats
Vous n’avez pas pris ce quiz